|
|
|
|
| LEADER |
00000nab#a22000007a#4500 |
| 001 |
arbauad030223 |
| 003 |
AR-BaUAD |
| 005 |
20250711112452.0 |
| 008 |
980226|||||||||###||||||b###|0###a|spa|| |
| 040 |
|
|
|a AR-BaUAD
|c AR-BaUAD
|b spa
|
| 100 |
|
|
|a Rothstein, Mervyn
|
| 245 |
|
|
|a Schrager :
|b Each day the Curtain Rises /
|c Mervyn Rothstein;
|
| 300 |
0 |
|
|b fot.
|
| 653 |
|
|
|a DISEÑO DE INTERIORES
|
| 653 |
|
|
|a DECORACION
|
| 653 |
|
|
|a HOTELES
|
| 653 |
|
|
|a HOTEL IAN SCHRAGER
|
| 653 |
|
|
|a SCHRAGER, IAN
|
| 653 |
|
|
|a ADMINISTRACION
|
| 653 |
|
|
|a ESTADOS UNIDOS
|
| 653 |
|
|
|a NUEVA YORK
|
| 653 |
|
|
|a LOS ANGELES
|
| 653 |
|
|
|a MIAMI
|
| 653 |
|
|
|a HOTEL DELANO
|
| 653 |
|
|
|a HOTEL PARAMOUNT
|
| 653 |
|
|
|a HOTEL ROYALTON
|
| 653 |
|
|
|a HOTEL MORGANS
|
| 653 |
|
|
|a HOTEL MONDRIAN
|
| 653 |
|
|
|a RECICLAJE
|
| 773 |
0 |
|
|t GRAPHIS
|g no. 311 [oct.-nov. 1997], p. 70-77
|
| 942 |
|
|
|c ARTI
|
| 952 |
|
|
|0 0
|1 0
|4 0
|7 0
|9 75142
|a AR-BAuAD
|b AR-BAuAD
|d 2025-07-11
|l 0
|p AAQA030223
|r 2025-07-11 11:24:52
|w 2025-07-11
|y ARTI
|
| 990 |
|
|
|a AQ199
|b TD
|
| 998 |
|
|
|a AAQ
|b BIBUN76
|
| 999 |
|
|
|c 54815
|d 54815
|